La concurrence capitaliste

Spremljeno u:
Bibliografski detalji
Glavni autor: Cartell, Jean
Format: Knjiga
Jezik:Undetermined
Izdano: Paris Editions du Seuil 1973
Teme:
Oznake: Dodaj oznaku
Bez oznaka, Budi prvi tko označuje ovaj zapis!
Thư viện lưu trữ: Trung tâm Học liệu Trường Đại học Cần Thơ
LEADER 00471nam a2200181Ia 4500
001 CTU_79310
008 210402s9999 xx 000 0 und d
082 |a 338.6 
082 |b C322 
100 |a Cartell, Jean 
245 0 |a La concurrence capitaliste 
245 0 |c Jean Cartell 
260 |a Paris 
260 |b Editions du Seuil 
260 |c 1973 
650 |a Antitrust law,Competition 
650 |z France 
980 |a Trung tâm Học liệu Trường Đại học Cần Thơ